00675cam a22002291 4500001001300000003000400013005001700017008004100034010001700075035002000092040001800112042001200130050001600142100002600158245006700184260008000251300001900331490003500350504002600385650001700411999001700428ne 65001292 DLC20260227111814.0840112s1964 ua b 000 0 arar  ane 65001292  a(OCoLC)10294122 aDLCcTxUdDLC apremarc00aHD2956b.R51 aRafāʻī, Jamāl.13aal-Taʻāwun fī al-ʻālam,cbi-qalam Jamāl Rifāʻī. a[al-Qāhirah,bal-Dār al-Qawmīyah lil-Ṭibāʻah wa-al-Nashr,c1964] a112 p.c24 cm.0 aMin al-Sharq wa-al-Gharb,v129 aBibliography: p. 112. 0aCooperation. c48222d48222